Responses for show #2596 - Monday, December 11, 1995

Brad Plovan game 1.

Contestants

Carl Cope, a credit agent from Allentown, Pennsylvania

Brad Plovan, a lawyer from Baltimore, Maryland

Gwen LaTray, a day care provider from Portage, Indiana (whose 2-day cash winnings total $22,301)

Jeopardy! Round responses

U.S. CITIES
CELEBRITIES
FOOD
THE BODY HUMAN
BASEBALL
FAMILIAR PHRASES
    $100 1
Milwaukee

Carl
    $100 20
Julia Roberts

Gwen
    $100 16
oranges

Brad
    $100 5
(Gwen: What's the uterus?)

placenta

GwenCarl
    $100 15
Yankee Stadium

Carl
    $100 26
Jolly Roger

Carl
    $200 11
Portland

Carl
    $200 22
Planet Hollywood

Gwen
    $200 17
hash

Gwen
    $200 6
the chest

Gwen
    $200 8
fourth

Carl
    $200 27
grass

Gwen
    $300 12
Mobile

Brad
    $300 23
Damn Yankees

Gwen
    $300 18
olive oil

Gwen
    $300 7
the ulna & the radius

Carl
    $300 4
a curveball

Brad
    $300 28
the nines

Carl
    $400 13
Charleston

Gwen
    $400 24
Michael Crawford

Triple Stumper
    $400 19
wheat

Carl
    $400 9
(Carl: What's the esophagus?)

the trachea

GwenCarl
    $400 3
Nolan Ryan

Carl
    $400 29
esprit de corps

Carl
    $500 14
Wichita

Brad
    $500 25
(Joe) Pesci

Carl
    $500 21
avocado

Triple Stumper
    $300 10
the liver

Gwen
    $500 2
Fenway Park

Carl
    $500 30
the hand that rocks the cradle

Carl

Scores at the first commercial break (after clue 15):

Gwen Brad Carl
$1,200 $1,100 $1,500

Scores at the end of the Jeopardy! Round:

Gwen Brad Carl
$2,500 $1,200 $3,700

Double Jeopardy! Round responses

HISTORY
WEIGHTS & MEASURES
COMPOSERS
ANIMALS
TRAVEL & TOURISM
VILLAINS
    $200 8
the St. Lawrence

Gwen
    $200 5
an inch

Gwen
    $200 3
Stravinsky

Gwen
    $200 1
a raccoon

Gwen
    $200 26
Olympia

Carl
    $200 21
Iago

Brad
    $400 9
Akihito

Gwen
    $400 17
a decibel

Carl
    $400 13
Mozart

Brad
    $400 2
a turtle

Carl
    $400 27
a pub

Gwen
    $400 22
Long John Silver

Brad
    $600 10
(Gwen: What's Vietnam?)
(Alex: Be more specific.)
(Gwen: [*].)

South Vietnam

Gwen
    $600 18
the earth & the sun

Brad
    $600 14
(Brad: Who is Liszt?)

Felix Mendelssohn

Brad
Triple Stumper
    $600 4
gazelles

Carl
    $600 28
the dollar

Brad
    $600 23
1984

Brad
    $800 11
the Crimean

Gwen
    $800 19
degrees

Carl
    $1,000 15
Schubert

Brad
    $1,000 6
the rhesus

Gwen
    $800 29
(Brad: What is England?)

Ireland

Brad
Triple Stumper
    $800 24
Tom Jones

Gwen
    $1000 12
Amundsen

Gwen
    $1000 20
international unit

Brad
    $1000 16
(Carl: Who was Mussorgsky?)
(Gwen: Who was Gudunov?)

Alexander Borodin

GwenCarl
Triple Stumper
    $1000 7
(Brad: What is the wildcat?)
(Alex: Be more specific.)
(Brad: What is the North American wildcat?)
(Alex: No, can't accept that.)

bobcat

GwenBrad
    $1000 30
Guatemala

Gwen
    $1000 25
Madame Bovary

Carl

Scores at the end of the Double Jeopardy! Round:

Gwen Brad Carl
$9,300 $3,600 $6,100

[wagering suggestions for these scores]

Final Jeopardy! Round responses

BRITISH AUTHORS
BradWho Arthur C Clarke
$3,600
CarlWho is Ray Bradbury?
$300
GwenWho
$2,901
Arthur C. Clarke

Final scores:

Gwen Brad Carl
$6,399 $7,200 $5,800
2nd place: Chippendale game table & chairs and a stereo system+Jeopardy! home game New champion: $7,200 3rd place: Sanyo 31" stereo TV+Jeopardy! home game

Game dynamics:

Coryat scores:

Gwen Brad Carl
$9,300 $3,400 $6,100
23 R
(including 2 DDs),
2 W
12 R
(including 1 DD),
3 W
20 R,
2 W

Combined Coryat: $18,800

The J! Archive is created by fans, for fans. The Jeopardy! game show and all elements thereof, including but not limited to copyright and trademark thereto, are the property of Jeopardy Productions, Inc. and are protected under law. This website is not affiliated with, sponsored by, or operated by Jeopardy Productions, Inc. Join the discussion at JBoard.tv.